| 000 | 00765nam a22002297a 4500 | ||
|---|---|---|---|
| 005 | 20180713114301.0 | ||
| 010 | _aENG-123462 | ||
| 020 |
_c3395.00 _a9789386515131 |
||
| 035 | _aEN-106994 | ||
| 037 | _bDBAD/PUB. | ||
| 082 | _a347.540502468 | ||
| 100 | _aMulla, Dinshaw Fardunji | ||
| 245 |
_aThe code of civil procedure abridged / _cby Dinshaw Fardunji Mulla; Deepak Verma [and] Namit Saxena |
||
| 250 | _a17th edn. | ||
| 260 |
_aGurgaon _bLexis Nexis _c2018 |
||
| 270 |
_a14th floor, Building No-10, Tower-B, DLF Cyber City, Phase-11 _bGurgaon _e122002 |
||
| 300 |
_acccxlixlv,2340p. _c24cm(Hb) |
||
| 500 | _aIt includes subject index | ||
| 700 | _a Verma, Deepak | ||
| 700 | _a Saxena, Namit | ||
| 942 |
_2ddc _cEN _mMUL _h347.540502468 |
||
| 999 |
_c153952 _d153952 |
||